000 01369nam a2200409 i 4500
001 44794
003 KOSZ 005
005 20240405063147.0
008 040607s2003 pl a |000 0 pol
015 _aPB 2004/13133
020 _a8389031655
040 _aWA N
_cWA N
_dKOSZ 005/HR
041 0 _apol
080 _a502.13/.14(438)
080 _a502.17(438)
100 1 _aBołtromiuk, Artur
_eAutor
245 1 0 _aEkonomiczne aspekty funkcjonowania obszarów chronionych /
_cArtur Bołtromiuk.
260 _aBiałystok :
_bWydawnictwo Uniwersytetu w Białymstoku,
_c2003.
300 _a267 s. :
_bmapy, rys., tab., wykr. ;
_c24 cm.
336 _2rdacontent
_aTekst
_btxt
337 _2rdamedia
_aBez urządzenia pośredniczącego
_bn
338 _2rdacarrier
_aWolumin
_bnc
380 _aKsiążki
388 _a2001-
504 _aBibliogr. s. 255-267.
648 7 _a1901-2000
648 7 _a1989-2000
648 7 _a2001-
650 4 _aObszary chronione
650 4 _aRozwój zrównoważony
651 7 _aPolska
658 _aGospodarka, ekonomia, finanse
658 _aOchrona środowiska
710 2 _aWydawnictwo Uniwersytetu w Białymstoku
_4pbl.
856 _uhttp://koha.tu.koszalin.pl/cgi-bin/koha/opac-detail.pl?biblionumber=44794
_yKatalog online BPK
942 _2UKD
_cKS
999 _c44794
_d44794